Statistics for Biggest Countries by Population, but... #12

Click here to take the quiz!

General Stats

  • This quiz has been taken 71 times
  • The average score is 25 of 30

Answer Stats

PopulationCountry% Correct
682 milChina
98%
571 milIndia
98%
203 milUnited States
97%
165 milBrazil
94%
31.2 milFrance
92%
271 milIndonesia
92%
57.9 milMexico
91%
67.6 milUnited Kingdom
91%
33.2 milCanada
89%
32.1 milRussia
89%
27.5 milEgypt
88%
107 milJapan
88%
32.8 milSpain
88%
45.3 milTurkey
88%
42.8 milItaly
86%
62.6 milBangladesh
83%
65.2 milPakistan
83%
25.5 milAustralia
81%
4,234 milLiechtenstein Empire
81%
51.4 milNigeria
81%
109 milPhilippines
81%
26.6 milSouth Africa
80%
33.2 milSouth Korea
78%
26.3 milThailand
77%
48.5 milVietnam
77%
30.6 milMalaysia
75%
24.9 milColombia
72%
28.4 milMorocco
72%
26.2 milMyanmar
69%
23.7 milMozambique
58%

Score Distribution

Percentile by Number Answered

Percent of People with Each Score

Your Score History

You have not taken this quiz